00529nam a2200169Ia 450000500170000000800410001702000150005808200130007310000200008624500250010626000490013130000120018050000460019294200060023895201000024499900150034420250627014113.0240331s9999 xx 000 0 und d a9555843953 bBANa364 aBandaranayake,A 0aSiyadivi nasaganeema aKottawabForeign publishing & Printersc1999 a80 p ., aA philosophical and psychological inquiry cL 001040708LaWERCLbWERCLcSSCd2024-03-31l0o 364.1522 BANp4846r2024-03-31w2024-03-31yL c5028d5028